[Event "Cearense-ch"]
[Site "Fortaleza"]
[Date "2019.12.01"]
[Round "9"]
[White "Lima, Helio Viana Correia"]
[Black "Da Justa, Saulo Freitas"]
[Result "1-0"]
[WhiteElo "1950"]
[BlackElo "1911"]
[PlyCount "95"]
[EventDate "2019.11.17"]
[EventType "tourn"]
[EventRounds "9"]
[EventCountry "BRA"]
[SourceTitle "CBM 193 Extra"]
[Source "ChessBase"]
[SourceDate "2020.01.31"]
[SourceVersion "1"]
[SourceVersionDate "2020.01.31"]
[SourceQuality "1"]

1. d4 d5 2. Bf4 e6 3. e3 Nf6 4. c3 Bd6 5. Bg3 0-0 6. Nd2 c5 7. Bd3 Nc6 8. Ngf3 h6 9. Qe2 Re8 10. Ne5 Qe7 11. f4 Nd7 12. Qh5 c4 13. Bc2 f5 14. Bh4 Qf8 15. g4 Bxe5 16. dxe5 Qf7 17. Qxf7+ Kxf7 18. gxf5 exf5 19. 0-0-0 Nc5 20. Nf3 Be6 21. Rhg1 b5 22. Be1 a5 23. Nh4 Ne7 24. Rd2 g6 25. Rdg2 Rg8 26. Nf3 Ne4 27. Nd4 Bd7 28. Bh4 Ra6 29. Bxe7 Kxe7 30. Bxe4 dxe4 31. h4 b4 32. e6 Be8 33. Nxf5+ Kxe6 34. Nxh6 Rf8 35. Ng4 Rh8 36. Ne5 Rxh4 37. Rxg6+ Bxg6 38. Rxg6+ Kf5 39. Rxa6 Rh1+ 40. Kd2 Rh2+ 41. Ke1 Rh1+ 42. Kf2 Rh2+ 43. Kg3 bxc3 44. bxc3 Rh1 45. Nxc4 Rc1 46. Nd6+ Ke6 47. Nxe4+ Kf5 48. Kf3 1-0

[Event "Cearense-ch"]
[Site "Fortaleza"]
[Date "2019.11.29"]
[Round "7"]
[White "Albuquerque, Wellington S Jr"]
[Black "Da Justa, Saulo Freitas"]
[Result "1-0"]
[WhiteElo "2213"]
[BlackElo "1911"]
[PlyCount "61"]
[EventDate "2019.11.17"]
[EventType "tourn"]
[EventRounds "9"]
[EventCountry "BRA"]
[SourceTitle "CBM 193 Extra"]
[Source "ChessBase"]
[SourceDate "2020.01.31"]
[SourceVersion "1"]
[SourceVersionDate "2020.01.31"]
[SourceQuality "1"]

1. d4 d5 2. c4 e6 3. Nc3 Nf6 4. Bg5 Be7 5. cxd5 exd5 6. e3 0-0 7. Bd3 c6 8. Qc2 Nbd7 9. Nge2 Re8 10. 0-0-0 b5 11. Kb1 a5 12. f3 a4 13. e4 Nb6 14. e5 Nfd7 15. Bxe7 Qxe7 16. Ng3 Nf8 17. Nce2 Nc4 18. Rc1 Be6 19. f4 Reb8 20. f5 Bc8 21. Nf4 Qb4 22. Qc3 Qe7 23. Qe1 Qg5 24. Qf2 b4 25. h4 Qg4 26. Rxc4 g5 27. fxg6 dxc4 28. gxf7+ Kh8 29. Ng6+ hxg6 30. Qf6+ Kh7 31. h5 1-0

[Event "Cearense-ch"]
[Site "Fortaleza"]
[Date "2019.11.24"]
[Round "5"]
[White "Pereira, Silvio Cunha"]
[Black "Da Justa, Saulo Freitas"]
[Result "1-0"]
[WhiteElo "2201"]
[BlackElo "1911"]
[PlyCount "57"]
[EventDate "2019.11.17"]
[EventType "tourn"]
[EventRounds "9"]
[EventCountry "BRA"]
[SourceTitle "CBM 193 Extra"]
[Source "ChessBase"]
[SourceDate "2020.01.31"]
[SourceVersion "1"]
[SourceVersionDate "2020.01.31"]
[SourceQuality "1"]

1. e4 d5 2. exd5 Nf6 3. c4 c6 4. d4 cxd5 5. Nc3 e6 6. Nf3 Be7 7. c5 Nc6 8. Bb5 Nd7 9. 0-0 0-0 10. Re1 Re8 11. Bf4 Ndb8 12. Ba4 Bd7 13. Nb5 Na6 14. Nd6 Bxd6 15. Bxd6 f6 16. Bc2 Nab4 17. Bb1 a5 18. a3 Na6 19. h4 b6 20. b4 axb4 21. axb4 Naxb4 22. Rxa8 Qxa8 23. Ng5 h6 24. Qh5 fxg5 25. Qg6 Ne7 26. Qh7+ Kf7 27. hxg5 hxg5 28. Qh5+ g6 29. Qh7+ 1-0

[Event "BRA-ch Amateur U1800"]
[Site "Sao Paulo"]
[Date "2019.06.21"]
[Round "4"]
[White "Martins de Aguiar, Marina"]
[Black "Da Justa, Saulo Freitas"]
[Result "0-1"]
[WhiteElo "1724"]
[BlackElo "1659"]
[PlyCount "120"]
[EventDate "2019.06.20"]
[EventType "swiss"]
[EventRounds "7"]
[EventCountry "BRA"]
[SourceTitle "CBM 195 Extra"]
[Source "ChessBase"]
[SourceDate "2020.05.31"]
[SourceVersion "1"]
[SourceVersionDate "2020.05.31"]
[SourceQuality "1"]

1. e4 c6 2. Nf3 d5 3. Nc3 dxe4 4. Nxe4 Bf5 5. Ng3 Bg6 6. h4 f6 7. Bc4 Nh6 8. d3 Nf5 9. Nxf5 Bxf5 10. Be3 e5 11. Nd2 Qd7 12. Qe2 Bb4 13. a3 Ba5 14. h5 b5 15. Ba2 Na6 16. h6 g6 17. f3 Nc7 18. g4 Be6 19. b4 Bb6 20. Ne4 0-0 21. Bc5 Bxc5 22. Nxc5 Qd4 23. Bxe6+ Nxe6 24. Nb3 Qf4 25. c3 Rad8 26. Rd1 Rfe8 27. Kf2 Rd7 28. Qe4 Qxe4 29. dxe4 Red8 30. Rxd7 Rxd7 31. Ke3 Kf7 32. Rh2 g5 33. Na5 c5 34. Nb3 c4 35. Nc1 Nf4 36. Rd2 Rxd2 37. Kxd2 Kg6 38. Ne2 Kxh6 39. Ng3 Ne6 40. Nf5+ Kg6 41. Nd6 Nc7 42. Nf5 h5 43. gxh5+ Kxh5 44. Ke3 g4 45. Kf2 Kg5 46. Kg3 gxf3 47. Kxf3 a6 48. Kg3 Ne6 49. Ne7 Nd4 50. cxd4 c3 51. d5 c2 52. d6 c1Q 53. d7 Qc3+ 54. Kf2 Qd2+ 55. Kf3 Qxd7 56. Nd5 f5 57. Ne3 f4 58. Nd5 Qh3+ 59. Kf2 Qxa3 60. Ke2 a5 0-1

[Event "BRA-ch Amateur U1800"]
[Site "Sao Paulo"]
[Date "2019.06.20"]
[Round "2"]
[White "Mesquita, Arnaldo Leite"]
[Black "Da Justa, Saulo Freitas"]
[Result "0-1"]
[WhiteElo "1741"]
[BlackElo "1659"]
[PlyCount "68"]
[EventDate "2019.06.20"]
[EventType "swiss"]
[EventRounds "7"]
[EventCountry "BRA"]
[SourceTitle "CBM 195 Extra"]
[Source "ChessBase"]
[SourceDate "2020.05.31"]
[SourceVersion "1"]
[SourceVersionDate "2020.05.31"]
[SourceQuality "1"]

1. Nf3 d5 2. c4 e6 3. e3 Nf6 4. Nc3 Be7 5. d4 0-0 6. Bd3 Nbd7 7. 0-0 b6 8. cxd5 exd5 9. Bd2 Bb7 10. Qc2 c5 11. Ne5 a6 12. Bf5 g6 13. Bh3 Rc8 14. Qb3 c4 15. Qc2 b5 16. f4 Rc7 17. a3 Bd6 18. Ne2 Qe7 19. Ba5 Rcc8 20. Bc3 Ra8 21. Ng3 a5 22. Qd2 b4 23. axb4 axb4 24. Nxd7 Nxd7 25. Rfb1 f5 26. Rxa8 Bxa8 27. Ra1 bxc3 28. Qxc3 Bb4 29. Qc1 Re8 30. e4 fxe4 31. Ra7 Bc6 32. f5 Bc5 33. Rc7 Bxd4+ 34. Kh1 Qd6 0-1

[Event "Quixada Sertao 7th op"]
[Site "Quixada"]
[Date "2009.07.19"]
[Round "6.5"]
[White "Da Justa, Saulo Freitas"]
[Black "De Sousa Filho, Aloisio Lopes"]
[Result "1-0"]
[WhiteElo "1974"]
[BlackElo "1943"]
[PlyCount "57"]
[EventDate "2009.07.16"]
[EventType "swiss"]
[EventRounds "7"]
[EventCountry "BRA"]
[SourceTitle "EXT 2022"]
[Source "ChessBase"]
[SourceDate "2021.10.06"]
[SourceVersion "1"]
[SourceVersionDate "2021.10.06"]
[SourceQuality "1"]

1. d4 d5 2. Nf3 Nf6 3. Bf4 Bf5 4. e3 e6 5. Be2 Nbd7 6. 0-0 Ne4 7. Nbd2 Ndf6 8. Nxe4 Nxe4 9. Nd2 Nxd2 10. Qxd2 Bd6 11. Bxd6 Qxd6 12. Bd3 Bxd3 13. Qxd3 0-0 14. c3 Rfc8 15. e4 dxe4 16. Qxe4 c6 17. Rfe1 Rd8 18. Re3 Qd5 19. Qg4 Qd7 20. Rg3 g6 21. h4 Qe7 22. h5 Kg7 23. Re1 Rd5 24. f4 Qf6 25. Re5 Rxe5 26. fxe5 Qf5 27. Qh4 f6 28. exf6+ Qxf6 29. h6+ 1-0